Dans quel univers apparaît ce personnage religieux de fiction ? - Statistiques

Statistiques générales
  • Ce quiz a été pris 11 fois
    4 depuis la dernière actualisation
  • Le résultat moyen est 7 sur 56
Statistiques - réponses
Personnage religieux de fiction Univers % Correct
Grand Moineau Game of Thrones
100%
Chiriku Naruto Shippuden
100%
Claude Frollo Notre-Dame de Paris
100%
Urouge One Piece
100%
Cardinal Lapointe Fairy Tail
50%
Sangonomiya Kokomi Genshin Impact
50%
Monseigneur Bienvenu Myriel Les Misérables
50%
Père Damien Mara Plus Belle la vie
50%
Soeur Marie-Robert Sister Act
50%
Zachary Hale Comstock Bioshock Infinite
0%
Shinpu Black Clover
0%
Caleb, Lieutenant du Premier Mal Buffy contre les Vampires
0%
Père Burke Conjuring
0%
Docteur Londes Cowboy Bebop
0%
Tasha Lem Doctor Who
0%
Don Camillo Don Camillo
0%
Pero Perez Don Quichotte
0%
Kiryl Dragon Quest IV
0%
Gaius Helen Mohiam Dune
0%
Confesseur Cromwell Fallout 3
0%
Risei Kotomine Fate Zero
0%
Iris de la 8ème Brigade Fire Force
0%
Heiter Frieren
0%
Logue Lowe Full Metal Alchemist
0%
Belzebot Futurama
0%
Frère Jean des Entommeures Gargantua
0%
Alexandre Anderson Hellsing
0%
Kagome Higurashi Inuyasha
0%
Père Enrico Pucci Jojo's Bizarre Adventure: Stone Ocean
0%
Père Blaise Kaamelott
0%
Pasteur Nick L'Attaque des Titans
0%
Abbé Busoni Le Comte de Monte-Cristo
0%
Soeur Clotilde Le Gendarme
0%
Guillaume de Baskerville Le Nom de la Rose
0%
Cardinal Lamberto Le Parrain 3
0%
Hyacinthe Langélusse Le Petit Spirou
0%
Abbé Chélan Le Rouge et le Noir
0%
Père Zosima Les Frères Karamazov
0%
Reverend Lovejoy Les Simpson
0%
Lankester Merrin L'Exorciste
0%
Eko Tunde Lost: Les Disparus
0%
Abbé Bournisien Madame Bovary
0%
Funatsu Mirai Nikki
0%
Ekubo Mob Psycho 100
0%
Père Mapple Moby Dick
0%
Liu Kang Mortal Kombat
0%
William Collins Orgueil et Préjugés
0%
Rachel Elizabeth Dare Percy Jackson
0%
Mère Supérieure Calderon Red Dead Redemption
0%
Osmund Saddler Resident Evil 4
0%
Frère Tuck Robin des Bois
0%
Père Beocca The Last Kingdom
0%
Foudre Bénie Tintin au Tibet
0%
Nicholas D.Wolfwood Trigun
0%
Athelstan Vikings
0%
Velen World of Warcraft
0%
Aucun quiz correspondant
Distribution des résultats
% des personnes avec chaque résultat
Percentile par nombre de réponses
Votre historique - résultats
Vous n’avez pas pris ce quiz depuis la dernière actualisation